| 000 | 00756cam a22002291 4500 | ||
|---|---|---|---|
| 001 | ne 63000004 | ||
| 003 | DLC | ||
| 005 | 20260227111739.0 | ||
| 008 | 810922s1962 ua b 000 0 ararc | ||
| 010 | _ane 63000004 | ||
| 035 | _a(OCoLC)7782770 | ||
| 040 |
_aPrinceton Univ. Libr. _cTU _dTU _dDLC |
||
| 050 | 0 | 0 |
_aPJ7507 _b.A4 |
| 100 | 1 | _aAmīn, ʻIzz al-Dīn. | |
| 245 | 1 | 0 |
_aNashʼat al-naqd al-adabī al-ḥadīth fī Miṣr, _ctaʼlīf ʻIzz al-Dīn al-Amīn. |
| 250 | _a[al-ṭabʻah al-ʻUlā.] | ||
| 260 |
_a[al-Qāhirah] _bMaktabat nahḍat Miṣr, _c1962/1381. [1962] |
||
| 300 |
_a386 p. _c24 cm. |
||
| 504 | _aBibliography: p. [370]-[384] | ||
| 650 | 0 |
_aCriticism _zEgypt. |
|
| 650 | 0 |
_aArabic literature _xHistory and criticism _xTheory, etc. |
|
| 999 |
_c45384 _d45384 |
||